Tous les sites UNESCO des pays baltes sur une carte - Statistiques

Statistiques générales
  • Ce quiz a été pris 21 fois
  • Le résultat moyen est 6 sur 8
Réponses sur la Carte
Les réponses sont colorées sur une échelle allant du rouge au vert en fonction du pourcentage des utilisateurs qui les ont devinées à leur premier essai. Vous pouvez retrouver ces pourcentages ci-dessous.
 
Statistiques - réponses
Réponse % Correct
Arc géodésique de Struve
88%
Centre historique de Vilnius
88%
Centre historique (vieille ville) de Tallinn
88%
Isthme de Courlande
88%
Centre historique de Riga
82%
Kaunas, ville moderniste
65%
Vieille ville de Kuldīga
65%
Site archéologique de Kernavė
59%
Aucun quiz correspondant
Distribution des résultats
% des personnes avec chaque résultat
Percentile par nombre de réponses
Votre historique - résultats
Vous n’avez pas pris ce quiz